Bestselling Mario Games (by platform) - Statistics

General Stats
  • This quiz has been taken 135 times
  • The average score is 10 of 12
Answer Stats
Platform Hint Answer % Correct
NES _____ Mario Bros. Super
98%
Arcade/NES arcade Mario ____ Bros.
96%
N64 Super Mario __ 64
91%
3DS Mario Kart _ 7
88%
Wii U Mario Kart _ 8
88%
Switch Mario Kart 8 ______ Deluxe
87%
SNES Super Mario _____ World
86%
Wii Mario Kart ___ Wii
85%
NDS ___ Super Mario Bros. New
84%
GameCube Mario Kart: ______ ____!! Double Dash
79%
Game Boy Super Mario ____ Land
76%
GBA Mario Kart: Super _______ Circuit
67%
No matching quizzes found
Score Distribution
Percent of People with Each Score
Percentile by Number Answered
Your Score History
You have not taken this quiz